| 000 | 00545nam a2200193 a 4500 | ||
|---|---|---|---|
| 005 | 20230519063636.0 | ||
| 008 | 991125s1993 mx 000 0 spa u | ||
| 020 | _a9686382682 | ||
| 035 | _aUPN01000005199 | ||
| 049 | _aI | ||
| 050 | 4 |
_aF1234 _bA4.2 |
|
| 100 | 1 | _aAlonso Palacios, Angelina | |
| 245 | 1 | 4 |
_aLas aventuras del paisano Yusef / _cAngelina Alonso Palacios. |
| 260 |
_aMéxico : _bInstituto Mora, _c1993. |
||
| 300 |
_a41 p. : _bil. |
||
| 440 | 3 | _aEl tiempo vuela | |
| 651 | 4 |
_aMéxico _xHistoria _y1910-1946 _91296 |
|
| 905 | _aInfantil | ||
| 999 |
_c5199 _d5199 |
||